000 01884cam a2200433 i 4500
001 EDZ0001015292
003 StDuBDS
005 20161031105257.0
006 m||||||||d||||||||
007 cr |||||||||||
008 140901s2015 caua fob 001|0|eng|d
020 _a9781483387918 (ebook) :
_cNo price
040 _aStDuBDS
_beng
_cStDuBDS
_erda
_epn
049 _aAlfaisal Main Library
050 0 _aT10.68
_b.S34 2015
082 0 4 _a658.155
_223
245 0 4 _aThe SAGE handbook of risk communication /
_cHyunyi Cho, Tursten Reimer & Katherine A. McComas.
246 3 0 _aHandbook of risk communication
246 3 0 _aRisk communication
264 1 _aThousand Oaks, California :
_bSAGE Publications,
_c2015.
300 _a1 online resource :
_billustrations (black and white)
336 _atext
_2rdacontent
336 _astill image
_2rdacontent
337 _acomputer
_2rdamedia
338 _aonline resource
_2rdacarrier
504 _aIncludes bibliographical references and index.
520 8 _a'The SAGE Handbook of Risk Communication' provides a comprehensive overview of the field of risk communication. Leading experts summarise theory, research and practice in a range of disciplines and in relation to issues in diverse applied contexts including health, the environment, science, technology and crisis.
521 _aSpecialized.
588 _aDescription based on online resource; title from home page (viewed on November 12, 2015).
650 0 _aRisk communication.
655 7 _aElectronic books.
_2local
700 1 _aCho, Hyunyi,
_eeditor.
700 1 _aReimer, Torsten,
_eeditor.
700 1 _aMcComas, Katherine,
_eeditor.
710 2 _aSage eBooks
776 0 8 _iPrint version :
_z9781452258683
856 4 0 _uhttp://ezproxy.alfaisal.edu/login?url=http://sk.sagepub.com/reference/the-sage-handbook-of-risk-communication
942 _2lcc
_cEBOOKS
999 _c483295
_d483295